000 00341nam a2200145Ia 4500
008 230917s9999||||xx |||||||||||||| ||und||
040 _e151698
_aMAIN
041 _aEnglish
082 _a294.1 A81V
100 _aAgarwala, V S
245 0 _aVedic lecturer
260 _aVaranasi
_bPrithvi Prakashan
_c1981
300 _a175 p.
942 _cBK
999 _c40074
_d40074